[Event "Titled Tuesday intern op 16th Nov"]
[Site "Chess.com INT"]
[Date "2021.11.16"]
[Round "11"]
[White "Karpeshov, Oleg Mikhailovich"]
[Black "Howell, David"]
[Result "0-1"]
[WhiteElo "2294"]
[BlackElo "2648"]
[PlyCount "106"]
[EventDate "2021.11.16"]
[EventType "swiss (blitz)"]
[EventRounds "11"]
[EventCountry "USA"]
[SourceTitle "CBM 205 Extra"]
[Source "ChessBase"]
[SourceDate "2022.01.31"]
[SourceVersion "1"]
[SourceVersionDate "2022.01.31"]
[SourceQuality "1"]

1. e4 c5 2. Nf3 Nc6 3. Bb5 e6 4. 0-0 Nge7 5. d4 cxd4 6. Nxd4 Qb6 7. Nxc6 bxc6 8. Be2 d5 9. Nd2 Ng6 10. c4 d4 11. Nf3 e5 12. Ne1 c5 13. Nd3 Bd6 14. b4 cxb4 15. a3 b3 16. Rb1 Rb8 17. Nb4 a5 18. Nd5 Qb7 19. c5 Bxc5 20. a4 Bd7 21. Bb5 Bxb5 22. axb5 a4 23. Ra1 Ra8 24. Qd3 0-0 25. Qc4 Rfc8 26. Rxa4 Ba3 27. Rxa8 Qxa8 28. Qxb3 Rxc1 29. Rxc1 Bxc1 30. b6 Bg5 31. h4 Bd8 32. b7 Qb8 33. Qb5 d3 34. Qe8+ Nf8 35. Ne7+ Bxe7 36. Qxb8 d2 37. Qxe5 d1Q+ 38. Kh2 Bd6 39. b8Q Bxe5+ 40. Qxe5 h5 41. f3 g6 42. Qg5 Ne6 43. Qg3 Qd2 44. Qb8+ Kh7 45. Kg3 Qe1+ 46. Kh3 Qh1+ 47. Kg3 Qe1+ 48. Kh3 Qa1 49. Kg3 Kg7 50. Qd6 Qe1+ 51. Kh3 Qc3 52. Kg3 Qf6 53. Kh3 Nf4+ 0-1

[Event "Titled Tuesday intern op 16th Nov"]
[Site "Chess.com INT"]
[Date "2021.11.16"]
[Round "9"]
[White "Karpeshov, Oleg Mikhailovich"]
[Black "Preotu, Razvan"]
[Result "0-1"]
[WhiteElo "2294"]
[BlackElo "2473"]
[PlyCount "60"]
[EventDate "2021.11.16"]
[EventType "swiss (blitz)"]
[EventRounds "11"]
[EventCountry "USA"]
[SourceTitle "CBM 205 Extra"]
[Source "ChessBase"]
[SourceDate "2022.01.31"]
[SourceVersion "1"]
[SourceVersionDate "2022.01.31"]
[SourceQuality "1"]

1. d4 Nf6 2. c4 g6 3. Nc3 d5 4. Nf3 Bg7 5. Qb3 dxc4 6. Qxc4 0-0 7. e4 a6 8. e5 b5 9. Qb3 Nfd7 10. e6 fxe6 11. Be3 Nf6 12. Rd1 Qd6 13. Be2 Bb7 14. 0-0 Ng4 15. d5 Nxe3 16. fxe3 Qb6 17. Nd4 Rxf1+ 18. Bxf1 Bxd4 19. Rxd4 Nd7 20. dxe6 Nc5 21. Qd1 Nxe6 22. Nd5 Bxd5 23. Rxd5 Qxe3+ 24. Kh1 Rf8 25. Rd3 Qf2 26. Be2 c5 27. Rd2 Qe3 28. Bf3 Nd4 29. Bd5+ e6 30. Bb7 Qxd2 0-1

[Event "Titled Tuesday intern op 02nd Nov"]
[Site "Chess.com INT"]
[Date "2021.11.02"]
[Round "2"]
[White "Karpeshov, Oleg Mikhailovich"]
[Black "Andreikin, Dmitry"]
[Result "0-1"]
[WhiteElo "2294"]
[BlackElo "2728"]
[PlyCount "58"]
[EventDate "2021.11.02"]
[EventType "swiss (blitz)"]
[EventRounds "11"]
[EventCountry "USA"]
[SourceTitle "CBM 205 Extra"]
[Source "ChessBase"]
[SourceDate "2022.01.31"]
[SourceVersion "1"]
[SourceVersionDate "2022.01.31"]
[SourceQuality "1"]

1. d4 g6 2. e4 Bg7 3. Nf3 d6 4. Bd3 Nc6 5. 0-0 Bg4 6. c3 e5 7. d5 Nce7 8. c4 f5 9. h3 Bh5 10. Be2 h6 11. Nc3 Nf6 12. exf5 gxf5 13. Nh4 Bxe2 14. Qxe2 Qd7 15. f4 e4 16. Be3 0-0 17. Rad1 Kh7 18. Kh1 Rf7 19. Rg1 Rg8 20. g4 fxg4 21. hxg4 h5 22. f5 Nxg4 23. Nxe4 Be5 24. Ng5+ Rxg5 25. Bxg5 Nxf5 26. Rxg4 hxg4 27. Qe4 Kg7 28. Rg1 Nxh4 29. Rxg4 Rf1+ 0-1

[Event "Titled Tuesday intern op 02nd Nov"]
[Site "Chess.com INT"]
[Date "2021.11.02"]
[Round "4"]
[White "Karpeshov, Oleg Mikhailovich"]
[Black "Loy, Konstantin"]
[Result "1-0"]
[WhiteElo "2294"]
[BlackElo "2268"]
[PlyCount "115"]
[EventDate "2021.11.02"]
[EventType "swiss (blitz)"]
[EventRounds "11"]
[EventCountry "USA"]
[SourceTitle "CBM 205 Extra"]
[Source "ChessBase"]
[SourceDate "2022.01.31"]
[SourceVersion "1"]
[SourceVersionDate "2022.01.31"]
[SourceQuality "1"]

1. e4 c5 2. Nf3 d6 3. d4 cxd4 4. Nxd4 Nf6 5. Nc3 g6 6. g3 Bg7 7. Bg2 Nc6 8. Nde2 Bd7 9. 0-0 Qc8 10. Nd5 Nxd5 11. exd5 Ne5 12. Nf4 0-0 13. a4 Bg4 14. f3 Bf5 15. Rf2 a6 16. a5 Nc4 17. Ra2 Qc5 18. Qe1 Bd4 19. b3 Bxf2+ 20. Qxf2 Qxf2+ 21. Kxf2 Ne5 22. g4 Bd7 23. h4 f6 24. Bf1 g5 25. Ng2 h6 26. c4 Kg7 27. Kg3 Rfb8 28. Be3 Rh8 29. h5 Rac8 30. Bd4 Rcf8 31. Ne3 Re8 32. f4 gxf4+ 33. Kxf4 Kf7 34. Be2 Rhg8 35. b4 Rc8 36. c5 dxc5 37. bxc5 Bb5 38. Bxb5 axb5 39. Ra3 b4 40. Rb3 Ra8 41. Bxe5 fxe5+ 42. Kxe5 Rxa5 43. Kd4 Ra4 44. Kc4 Rga8 45. Nf5 Kf6 46. Nd4 Kg5 47. Ne6+ Kxg4 48. Nc7 Rf8 49. Kb5 Ra1 50. Rxb4+ Rf4 51. Rb3 Raa4 52. d6 exd6 53. cxd6 Rad4 54. Kc5 Rd1 55. Nd5 Rfd4 56. Ne3+ Kf3 57. Nxd1+ Ke2 58. Nc3+ 1-0

[Event "Titled Tuesday intern op 02nd Nov"]
[Site "Chess.com INT"]
[Date "2021.11.02"]
[Round "10"]
[White "Pham, Le Thao Nguyen"]
[Black "Karpeshov, Oleg Mikhailovich"]
[Result "0-1"]
[WhiteElo "2369"]
[BlackElo "2294"]
[PlyCount "64"]
[EventDate "2021.11.02"]
[EventType "swiss (blitz)"]
[EventRounds "11"]
[EventCountry "USA"]
[SourceTitle "CBM 205 Extra"]
[Source "ChessBase"]
[SourceDate "2022.01.31"]
[SourceVersion "1"]
[SourceVersionDate "2022.01.31"]
[SourceQuality "1"]

1. d4 Nf6 2. Nf3 e6 3. Bf4 d5 4. e3 c5 5. c3 Bd6 6. Bg3 0-0 7. Nbd2 Qc7 8. Ne5 Nc6 9. f4 Ne7 10. Bd3 Nf5 11. Qf3 b6 12. Bf2 Be7 13. Ng4 Ne8 14. 0-0 Bb7 15. Qh3 Ned6 16. Nf3 f6 17. Nh4 Nxh4 18. Bxh4 Ne4 19. f5 exf5 20. Rxf5 Bd6 21. Nf2 cxd4 22. exd4 Rae8 23. Qf3 g6 24. Rxf6 Nxf6 25. Bxf6 Bxh2+ 26. Kh1 Bf4 27. Bh4 Be3 28. Ng4 Rxf3 29. gxf3 Rf8 30. Kg2 g5 31. Bg3 Bf4 32. Bf2 Bc8 0-1

[Event "Titled Tuesday intern op 02nd Nov"]
[Site "Chess.com INT"]
[Date "2021.11.02"]
[Round "1"]
[White "Vifleemskaia, Svetlana"]
[Black "Karpeshov, Oleg Mikhailovich"]
[Result "0-1"]
[WhiteElo "1926"]
[BlackElo "2294"]
[PlyCount "72"]
[EventDate "2021.11.02"]
[EventType "swiss (blitz)"]
[EventRounds "11"]
[EventCountry "USA"]
[SourceTitle "CBM 205 Extra"]
[Source "ChessBase"]
[SourceDate "2022.01.31"]
[SourceVersion "1"]
[SourceVersionDate "2022.01.31"]
[SourceQuality "1"]

1. d4 Nf6 2. c4 e6 3. Nc3 Bb4 4. e3 0-0 5. Nge2 Re8 6. a3 Bf8 7. d5 a5 8. g3 d6 9. Bg2 e5 10. 0-0 Nbd7 11. Bd2 Nc5 12. b4 Na6 13. Rb1 Bf5 14. e4 Bd7 15. h3 c6 16. Be3 axb4 17. axb4 Qc8 18. Qb3 Bxh3 19. dxc6 bxc6 20. b5 Bxg2 21. Kxg2 cxb5 22. cxb5 Nc5 23. Bxc5 Qxc5 24. b6 Rab8 25. b7 Re7 26. Rfd1 Ng4 27. Rf1 Qa7 28. Nb5 Rexb7 29. Nxa7 Rxb3 30. Rxb3 Rxb3 31. Rc1 Rb2 32. Kf1 h5 33. Rc8 g6 34. Nc6 Kg7 35. f3 Nf6 36. Nc3 Rc2 0-1

[Event "Titled Tuesday intern op 12th Oct"]
[Site "Chess.com INT"]
[Date "2021.10.12"]
[Round "4"]
[White "Karpeshov, Oleg Mikhailovich"]
[Black "Demchenko, Anton"]
[Result "0-1"]
[WhiteElo "2294"]
[BlackElo "2651"]
[PlyCount "70"]
[EventDate "2021.10.12"]
[EventType "swiss (blitz)"]
[EventRounds "11"]
[EventCountry "USA"]
[SourceTitle "EXT 2023"]
[Source "ChessBase"]
[SourceDate "2022.10.05"]
[SourceVersion "1"]
[SourceVersionDate "2022.10.05"]
[SourceQuality "1"]

1. e4 e5 2. Nf3 Nc6 3. Bc4 Nf6 4. Ng5 d5 5. exd5 Na5 6. Bb5+ c6 7. dxc6 bxc6 8. Qf3 Be7 9. Bd3 0-0 10. h4 h6 11. Nc3 Rb8 12. a3 c5 13. Nge4 Nxe4 14. Bxe4 f5 15. Bd5+ Kh8 16. d3 Bd7 17. Qh5 Rb6 18. Qe2 Nc6 19. Bxc6 Bxc6 20. f3 Bxh4+ 21. Kd1 c4 22. Be3 Rb7 23. Kc1 cxd3 24. Qxd3 Qxd3 25. cxd3 Bf6 26. Kc2 Rc8 27. Bc5 Bxf3 28. gxf3 Rxc5 29. Rh5 Bg5 30. Re1 Kg8 31. b4 Rc8 32. Kb3 Bd2 33. Rxe5 Rxc3+ 34. Ka4 Rxd3 35. Rhxf5 Bc1 0-1

[Event "Titled Tuesday intern op 12th Oct"]
[Site "Chess.com INT"]
[Date "2021.10.12"]
[Round "6"]
[White "Karpeshov, Oleg Mikhailovich"]
[Black "Samsonkin, Artiom"]
[Result "0-1"]
[WhiteElo "2294"]
[BlackElo "2428"]
[PlyCount "40"]
[EventDate "2021.10.12"]
[EventType "swiss (blitz)"]
[EventRounds "11"]
[EventCountry "USA"]
[SourceTitle "EXT 2023"]
[Source "ChessBase"]
[SourceDate "2022.10.05"]
[SourceVersion "1"]
[SourceVersionDate "2022.10.05"]
[SourceQuality "1"]

1. d4 Nf6 2. c4 e6 3. Nc3 Bb4 4. e3 0-0 5. Nge2 d5 6. a3 Bd6 7. cxd5 exd5 8. g3 c6 9. Bg2 Re8 10. 0-0 Bf5 11. f3 Qd7 12. g4 Bxg4 13. fxg4 Nxg4 14. Nf4 Nxe3 15. Bxe3 Rxe3 16. Qd2 Qe7 17. Nfxd5 cxd5 18. Nxd5 Qh4 19. Qxe3 Bxh2+ 20. Kh1 Bg3+ 0-1

[Event "Titled Tuesday intern op 12th Oct"]
[Site "Chess.com INT"]
[Date "2021.10.12"]
[Round "7"]
[White "Mikhalevski, Victor"]
[Black "Karpeshov, Oleg Mikhailovich"]
[Result "1-0"]
[WhiteElo "2559"]
[BlackElo "2294"]
[PlyCount "97"]
[EventDate "2021.10.12"]
[EventType "swiss (blitz)"]
[EventRounds "11"]
[EventCountry "USA"]
[SourceTitle "EXT 2023"]
[Source "ChessBase"]
[SourceDate "2022.10.05"]
[SourceVersion "1"]
[SourceVersionDate "2022.10.05"]
[SourceQuality "1"]

1. d4 Nf6 2. c4 e6 3. g3 Bb4+ 4. Nd2 0-0 5. Bg2 c5 6. Ngf3 d5 7. 0-0 cxd4 8. Nxd4 Nc6 9. Nxc6 bxc6 10. Nf3 Qe7 11. Qc2 Bd6 12. b3 e5 13. Bb2 d4 14. Rfe1 Rb8 15. e3 d3 16. Qd1 e4 17. Bxf6 gxf6 18. Nd4 Bd7 19. Qh5 Qe5 20. Qh4 f5 21. f3 c5 22. Nb5 Bxb5 23. cxb5 Rfe8 24. Rf1 c4 25. bxc4 Bc5 26. Qg5+ Qg7 27. Qxf5 Bxe3+ 28. Kh1 Re5 29. Qd7 Rh5 30. Qd6 Re8 31. fxe4 Bd4 32. Rad1 Be5 33. Qxd3 Bxg3 34. h3 Be5 35. Rg1 Kh8 36. Qf3 Rg5 37. Rd7 Rf8 38. c5 Rg3 39. Qf5 Rg5 40. Qf2 Qh6 41. Rxf7 Rfg8 42. Rf3 Bg3 43. Qe3 Be5 44. b6 Qg6 45. Qd2 Rxg2 46. Qxg2 Qxg2+ 47. Rxg2 Rd8 48. Rf5 Rd1+ 49. Rg1 1-0

[Event "Titled Tuesday intern op 12th Oct"]
[Site "Chess.com INT"]
[Date "2021.10.12"]
[Round "11"]
[White "Tanenbaum, Zachary Chen"]
[Black "Karpeshov, Oleg Mikhailovich"]
[Result "0-1"]
[WhiteElo "2135"]
[BlackElo "2294"]
[PlyCount "120"]
[EventDate "2021.10.12"]
[EventType "swiss (blitz)"]
[EventRounds "11"]
[EventCountry "USA"]
[SourceTitle "EXT 2023"]
[Source "ChessBase"]
[SourceDate "2022.10.05"]
[SourceVersion "1"]
[SourceVersionDate "2022.10.05"]
[SourceQuality "1"]

1. e4 e6 2. d4 d5 3. Nc3 Bb4 4. exd5 exd5 5. Bd3 Nc6 6. a3 Bxc3+ 7. bxc3 Nge7 8. Nf3 Bg4 9. 0-0 Qd7 10. Rb1 b6 11. Re1 0-0 12. Bf4 Ng6 13. Bg3 a6 14. h3 Bh5 15. Ne5 Ncxe5 16. Qxh5 Nxd3 17. cxd3 Rac8 18. Re2 Rfe8 19. Rbe1 Rxe2 20. Rxe2 f6 21. Qf3 Ne7 22. h4 Nf5 23. Qg4 g6 24. h5 Kf7 25. Qh3 g5 26. h6 Kg6 27. f4 Re8 28. Rf2 Re3 29. fxg5 Rxg3 30. Qh2 Rxg5 31. Qf4 Qe6 32. Kh2 Rh5+ 33. Kg1 Qe1+ 34. Rf1 Qe3+ 35. Rf2 Qxf4 36. Rxf4 Nxh6 37. Rf3 Ng4 38. c4 Kf7 39. Rf1 dxc4 40. dxc4 b5 41. Rc1 c6 42. cxb5 cxb5 43. Rc7+ Kg6 44. Ra7 Rd5 45. Rxa6 Rxd4 46. g3 Ra4 47. Rb6 Rxa3 48. Rxb5 Rxg3+ 49. Kh1 h5 50. Rg5+ Kf7 51. Rg7+ Ke6 52. Re7+ Kf5 53. Re2 Ne5 54. Rf2+ Rf3 55. Rg2 Rf4 56. Rg3 Rh4+ 57. Kg2 Rg4 58. Kh3 Rxg3+ 59. Kh4 Rf3 60. Kxh5 Rh3# 0-1

[Event "Titled Tuesday intern op 14th Sept"]
[Site "Chess.com INT"]
[Date "2021.09.14"]
[Round "1"]
[White "Girinath, PDS"]
[Black "Karpeshov, Oleg Mikhailovich"]
[Result "0-1"]
[WhiteElo "2335"]
[BlackElo "2294"]
[PlyCount "60"]
[EventDate "2021.09.14"]
[EventType "swiss (blitz)"]
[EventRounds "11"]
[EventCountry "USA"]
[SourceTitle "EXT 2022"]
[Source "ChessBase"]
[SourceDate "2021.10.06"]
[SourceVersion "1"]
[SourceVersionDate "2021.10.06"]
[SourceQuality "1"]

1. e4 e6 2. d3 d5 3. Nd2 Nf6 4. Ngf3 Nc6 5. c3 a5 6. Qa4 Bd7 7. Qc2 e5 8. g3 Bd6 9. Bg2 0-0 10. 0-0 Re8 11. Re1 Bc5 12. h3 a4 13. Rb1 h6 14. b4 axb3 15. axb3 Bb6 16. b4 dxe4 17. dxe4 Be6 18. b5 Na5 19. Nxe5 Qd6 20. Nef3 Qxg3 21. Nf1 Qg6 22. Bf4 Bxh3 23. Ng3 Bxg2 24. Kxg2 Nh5 25. Qc1 Nc4 26. e5 Ra2 27. Rf1 Qg4 28. Bd2 Nxg3 29. fxg3 Nxd2 30. Nxd2 Qe2+ 0-1

[Event "Titled Tuesday intern op 14th Sept"]
[Site "Chess.com INT"]
[Date "2021.09.14"]
[Round "4"]
[White "Karpeshov, Oleg Mikhailovich"]
[Black "Wagner, Dennis"]
[Result "0-1"]
[WhiteElo "2294"]
[BlackElo "2576"]
[PlyCount "72"]
[EventDate "2021.09.14"]
[EventType "swiss (blitz)"]
[EventRounds "11"]
[EventCountry "USA"]
[SourceTitle "EXT 2022"]
[Source "ChessBase"]
[SourceDate "2021.10.06"]
[SourceVersion "1"]
[SourceVersionDate "2021.10.06"]
[SourceQuality "1"]

1. d4 Nf6 2. c4 e6 3. Nf3 d5 4. Nc3 c5 5. cxd5 cxd4 6. Nxd4 Nxd5 7. Nxd5 Qxd5 8. e3 Bb4+ 9. Bd2 Bxd2+ 10. Qxd2 0-0 11. Nb5 Qxd2+ 12. Kxd2 Rd8+ 13. Ke1 a6 14. Nd4 e5 15. Nf3 Nc6 16. Bc4 e4 17. Ng5 Ne5 18. Bb3 Bf5 19. f4 exf3 20. Nxf3 Nd3+ 21. Ke2 Nxb2 22. Nd4 Bd3+ 23. Kd2 Be4 24. Rhf1 Rd7 25. Rf4 Bg6 26. Raf1 Nd3 27. R4f3 Ne5 28. Rf4 Rc8 29. g4 b5 30. h4 Nc4+ 31. Ke2 h5 32. g5 Re7 33. R1f3 Ne5 34. Rg3 a5 35. Nxb5 Bd3+ 36. Kf2 Bxb5 0-1

[Event "Titled Tuesday intern op 29th June"]
[Site "Chess.com INT"]
[Date "2021.06.29"]
[Round "5"]
[White "Karpeshov, Oleg Mikhailovich"]
[Black "Koridze, Lile"]
[Result "0-1"]
[WhiteElo "2294"]
[BlackElo "2016"]
[PlyCount "146"]
[EventDate "2021.06.29"]
[EventType "swiss (blitz)"]
[EventRounds "11"]
[EventCountry "USA"]
[SourceTitle "CBM 203 Extra"]
[Source "ChessBase"]
[SourceDate "2021.09.30"]
[SourceVersion "1"]
[SourceVersionDate "2021.09.30"]
[SourceQuality "1"]

1. d4 Nf6 2. c4 e6 3. Nc3 Bb4 4. e3 0-0 5. Bd3 d5 6. cxd5 exd5 7. Nge2 c6 8. a3 Bd6 9. Rb1 Nbd7 10. b4 Qe7 11. f3 Nb6 12. 0-0 Re8 13. e4 dxe4 14. fxe4 Ng4 15. h3 Bh2+ 16. Kh1 Qh4 17. Qe1 Qh5 18. Nf4 Bxf4 19. Bxf4 Nf6 20. Qg3 Be6 21. Be5 Ng4 22. Be2 f6 23. Bc7 f5 24. exf5 Bxf5 25. Bxg4 Bxg4 26. Qxg4 Qh6 27. Be5 Nc4 28. Rbe1 Re7 29. Bf4 Qf6 30. Rxe7 Qxe7 31. Bg5 Qc7 32. Ne4 Kh8 33. Bf4 Qf7 34. Ng5 Qg6 35. Re1 Rf8 36. Re6 Qb1+ 37. Kh2 h6 38. Nf3 Qh7 39. Be5 Ne3 40. Qg3 Nf1+ 41. Kg1 Nxg3 42. Bxg3 Qb1+ 43. Kh2 Qb3 44. Re7 Rf7 45. Re8+ Kh7 46. Ne5 Rf1 47. Re7 Qd1 48. Bh4 Rh1+ 49. Kg3 Qe1+ 50. Kg4 Qe4+ 51. Kg3 Rf1 52. Kh2 Qf4+ 53. Bg3 Qxd4 54. Nf3 Qf6 55. Re3 Qb2 56. Be5 Qb1 57. Kg3 Qg6+ 58. Kh2 Rf2 59. Bg3 Ra2 60. Re7 Qc2 61. Ne1 Qd1 62. Rxb7 Rxa3 63. Re7 Ra2 64. Be5 Kg8 65. Rxg7+ Kf8 66. Rg4 Qxe1 67. Rf4+ Ke8 68. Bd4 Qe6 69. Bc5 Re2 70. Rf8+ Kd7 71. Rd8+ Kxd8 72. Kg3 Kd7 73. Kf3 Rc2 0-1

[Event "Titled Tuesday intern op 29th June"]
[Site "Chess.com INT"]
[Date "2021.06.29"]
[Round "7"]
[White "Karpeshov, Oleg Mikhailovich"]
[Black "Urquhart, Eddie"]
[Result "1-0"]
[WhiteElo "2294"]
[BlackElo "2209"]
[PlyCount "69"]
[EventDate "2021.06.29"]
[EventType "swiss (blitz)"]
[EventRounds "11"]
[EventCountry "USA"]
[SourceTitle "CBM 203 Extra"]
[Source "ChessBase"]
[SourceDate "2021.09.30"]
[SourceVersion "1"]
[SourceVersionDate "2021.09.30"]
[SourceQuality "1"]

1. d4 Nf6 2. c4 e6 3. Nf3 Nc6 4. g3 Bb4+ 5. Nbd2 a5 6. Bg2 0-0 7. 0-0 Bxd2 8. Bxd2 d6 9. Qc2 Qe7 10. e4 e5 11. d5 Nb4 12. Qb1 b6 13. a3 Na6 14. b4 Ne8 15. Re1 f5 16. exf5 Bxf5 17. Qb3 Nf6 18. Nd4 Bd7 19. Nc6 Bxc6 20. dxc6 Kh8 21. h3 Qf7 22. Be3 b5 23. Rac1 bxc4 24. Rxc4 axb4 25. axb4 Rfb8 26. b5 Nc5 27. Bxc5 dxc5 28. Rxe5 Ra1+ 29. Kh2 h6 30. Rexc5 Ng4+ 31. hxg4 Qxf2 32. Rf5 Qg1+ 33. Kh3 Re1 34. Rcf4 Re2 35. Qf3 1-0

[Event "Titled Tuesday intern op 29th June"]
[Site "Chess.com INT"]
[Date "2021.06.29"]
[Round "4"]
[White "Visakh, Narayanan Rajeswari"]
[Black "Karpeshov, Oleg Mikhailovich"]
[Result "1-0"]
[WhiteElo "2516"]
[BlackElo "2294"]
[PlyCount "63"]
[EventDate "2021.06.29"]
[EventType "swiss (blitz)"]
[EventRounds "11"]
[EventCountry "USA"]
[SourceTitle "CBM 203 Extra"]
[Source "ChessBase"]
[SourceDate "2021.09.30"]
[SourceVersion "1"]
[SourceVersionDate "2021.09.30"]
[SourceQuality "1"]

1. e4 e5 2. Nf3 Nc6 3. Bb5 g6 4. 0-0 Bg7 5. c3 a6 6. Ba4 Nge7 7. d4 exd4 8. cxd4 b5 9. Bb3 d6 10. a4 Bd7 11. Nc3 b4 12. Nd5 h6 13. e5 Nxd5 14. Bxd5 0-0 15. Qc2 Ne7 16. Bxa8 Qxa8 17. exd6 cxd6 18. Qc7 Rd8 19. Qxd6 Nf5 20. Qxb4 Bc6 21. Qa3 g5 22. h3 Bd5 23. Bd2 Qc6 24. Rac1 Qg6 25. Ne5 Bxe5 26. dxe5 g4 27. Ba5 Rb8 28. hxg4 Rb3 29. Rc8+ Kh7 30. Qf8 Qxg4 31. Qh8+ Kg6 32. Rg8+ 1-0

[Event "Titled Tuesday intern op 29th June"]
[Site "Chess.com INT"]
[Date "2021.06.29"]
[Round "1"]
[White "Zaichenko, Daria"]
[Black "Karpeshov, Oleg Mikhailovich"]
[Result "0-1"]
[WhiteElo "2104"]
[BlackElo "2294"]
[PlyCount "104"]
[EventDate "2021.06.29"]
[EventType "swiss (blitz)"]
[EventRounds "11"]
[EventCountry "USA"]
[SourceTitle "CBM 203 Extra"]
[Source "ChessBase"]
[SourceDate "2021.09.30"]
[SourceVersion "1"]
[SourceVersionDate "2021.09.30"]
[SourceQuality "1"]

1. e4 e6 2. Nf3 d5 3. exd5 exd5 4. d4 Bd6 5. Bd3 Nc6 6. c3 Bg4 7. Be3 Nge7 8. Nbd2 Qd7 9. Qc2 Bf5 10. 0-0-0 Bxd3 11. Qxd3 Qf5 12. Qxf5 Nxf5 13. Rhe1 Kd7 14. g4 Nfe7 15. Nb3 b6 16. Kc2 f6 17. g5 Raf8 18. h4 Nf5 19. Bd2 Nce7 20. gxf6 Rxf6 21. Bg5 Rf7 22. Ne5+ Bxe5 23. dxe5 Ke6 24. f4 c5 25. Bxe7 Nxe7 26. Rf1 Rhf8 27. Rg1 g6 28. c4 d4 29. Nd2 Rxf4 30. Rde1 Rxh4 31. Ne4 h6 32. Nf6 g5 33. Rgf1 Ng6 34. Rf2 Rf4 35. Rh2 Rh4 36. Rf2 Nf4 37. Re4 Kf5 38. Re1 Rf7 39. e6 Re7 40. Nd5 Rxe6 41. Nxf4 Rxf4 42. Rxe6 Kxe6 43. Rh2 Rh4 44. Re2+ Kf5 45. Rf2+ Kg6 46. Re2 Rf4 47. Re7 Rf7 48. Re6+ Kh5 49. Kd3 g4 50. Ke4 g3 51. Re8 Rg7 52. Kf3 g2 0-1

[Event "Titled Tuesday intern op 18th May"]
[Site "Chess.com INT"]
[Date "2021.05.18"]
[Round "10"]
[White "Karpeshov, Oleg Mikhailovich"]
[Black "Gunina, Valentina"]
[Result "0-1"]
[WhiteElo "2297"]
[BlackElo "2421"]
[PlyCount "110"]
[EventDate "2021.05.18"]
[EventType "swiss (blitz)"]
[EventRounds "11"]
[EventCountry "USA"]
[SourceTitle "CBM 202 Extra"]
[Source "ChessBase"]
[SourceDate "2021.07.31"]
[SourceVersion "1"]
[SourceVersionDate "2021.07.31"]
[SourceQuality "1"]

1. d4 d5 2. c4 c6 3. Nc3 Nf6 4. e3 Bf5 5. cxd5 Nxd5 6. Nf3 e6 7. Bc4 Nb6 8. Bb3 N8d7 9. e4 Bg4 10. Be3 Be7 11. h3 Bh5 12. 0-0 0-0 13. Qe2 e5 14. Rad1 exd4 15. Bxd4 Qc7 16. g4 Bg6 17. e5 Rae8 18. e6 fxe6 19. Ne5 Nxe5 20. Bxe5 Qc8 21. Ne4 Nd5 22. Nd6 Bxd6 23. Bxd6 Rf7 24. Be5 Qd8 25. f4 Qh4 26. Kh2 Ref8 27. Bxd5 cxd5 28. Rc1 Be4 29. Qe3 g5 30. Qg3 Qxg3+ 31. Kxg3 Bd3 32. Rf2 h6 33. Bd6 Rd8 34. Be5 Rdf8 35. Bd6 Re8 36. Be5 gxf4+ 37. Rxf4 Rxf4 38. Kxf4 Rf8+ 39. Ke3 Be4 40. Bf4 Rf7 41. Rc8+ Kh7 42. h4 Bb1 43. Be5 Rf1 44. Rh8+ Kg6 45. Rg8+ Kf7 46. Rg7+ Kf8 47. Kd4 Rc1 48. Rxb7 Rc4+ 49. Ke3 Re4+ 50. Kd2 Rxe5 51. Rxa7 Re4 52. g5 hxg5 53. hxg5 Rg4 54. b4 Rxb4 55. g6 Bxg6 0-1

[Event "Titled Tuesday intern op 18th May"]
[Site "Chess.com INT"]
[Date "2021.05.18"]
[Round "7"]
[White "Karpeshov, Oleg Mikhailovich"]
[Black "Timmermans, Mark"]
[Result "0-1"]
[WhiteElo "2297"]
[BlackElo "2385"]
[PlyCount "122"]
[EventDate "2021.05.18"]
[EventType "swiss (blitz)"]
[EventRounds "11"]
[EventCountry "USA"]
[SourceTitle "CBM 202 Extra"]
[Source "ChessBase"]
[SourceDate "2021.07.31"]
[SourceVersion "1"]
[SourceVersionDate "2021.07.31"]
[SourceQuality "1"]

1. d4 Nf6 2. c4 e6 3. Nc3 Bb4 4. e3 Ne4 5. Qc2 f5 6. Bd3 0-0 7. Nge2 b6 8. 0-0 Nxc3 9. Nxc3 Bxc3 10. Qxc3 Bb7 11. f3 d6 12. b4 Nd7 13. Bb2 Qe7 14. Rae1 a5 15. a3 h6 16. e4 fxe4 17. Bxe4 axb4 18. axb4 Bxe4 19. Rxe4 Qf7 20. Rfe1 Rfe8 21. c5 Nf6 22. R4e2 Nd5 23. Qb3 bxc5 24. dxc5 Rab8 25. cxd6 cxd6 26. Re4 e5 27. Rd1 Nf6 28. Qxf7+ Kxf7 29. Rc4 d5 30. Rc7+ Kg6 31. Re1 d4 32. Rc4 Kf5 33. g4+ Kg6 34. h3 Nd5 35. Re4 Ne3 36. Rc6+ Kf7 37. Rc7+ Kg8 38. Bc1 Nd5 39. Rc4 Nxb4 40. f4 Nd3 41. fxe5 Nxe5 42. Rcxd4 Nf3+ 43. Kf2 Nxd4 44. Rxd4 Rb3 45. h4 Rf8+ 46. Kg2 Rff3 47. g5 h5 48. Bd2 Kh7 49. Rd6 Rg3+ 50. Kf2 Rg4 51. Ke2 Rh3 52. Kd1 Rhxh4 53. Kc2 Rh2 54. Kd1 Rxd2+ 55. Kxd2 Rxg5 56. Ke3 Rf5 57. Ke4 Rf6 58. Rd5 Kh6 59. Rd8 g6 60. Rh8+ Kg5 61. Rc8 h4 0-1

[Event "Titled Tuesday intern op 18th May"]
[Site "Chess.com INT"]
[Date "2021.05.18"]
[Round "3"]
[White "Lysenko, Margarita"]
[Black "Karpeshov, Oleg Mikhailovich"]
[Result "1/2-1/2"]
[WhiteElo "2207"]
[BlackElo "2297"]
[PlyCount "88"]
[EventDate "2021.05.18"]
[EventType "swiss (blitz)"]
[EventRounds "11"]
[EventCountry "USA"]
[SourceTitle "CBM 202 Extra"]
[Source "ChessBase"]
[SourceDate "2021.07.31"]
[SourceVersion "1"]
[SourceVersionDate "2021.07.31"]
[SourceQuality "1"]

1. d4 Nf6 2. c4 e6 3. Nc3 Bb4 4. f3 d5 5. a3 Be7 6. e4 dxe4 7. fxe4 c5 8. d5 exd5 9. exd5 0-0 10. Nf3 Bd6 11. Be2 Bg4 12. 0-0 Bxf3 13. Bxf3 Nbd7 14. Bg5 a6 15. Ne4 Be5 16. Qc2 Qb8 17. g3 Nxe4 18. Bxe4 h6 19. Bd2 Qd6 20. Rae1 Rae8 21. b3 Nf6 22. Bg2 Ng4 23. Bc3 Bxg3 24. Rxe8 Bxh2+ 25. Kh1 Rxe8 26. Qf5 Nf6 27. Bxf6 gxf6 28. Qg4+ Kf8 29. Qh4 Be5 30. Qxh6+ Ke7 31. Bh3 Qd8 32. Qh4 Rh8 33. Qg4 Qd6 34. b4 Rd8 35. Re1 cxb4 36. axb4 Qxb4 37. Rxe5+ fxe5 38. Qg5+ f6 39. Qg7+ Ke8 40. Qg8+ Qf8 41. Qe6+ Qe7 42. Qg8+ Qf8 43. Qe6+ Qe7 44. Qg8+ Qf8 1/2-1/2